| 000 | 00473nam a2200133Ia 4500 | ||
|---|---|---|---|
| 008 | 220216s9999 xx 000 0 und d | ||
| 100 | _aIsmail J B | ||
| 245 | 0 | _aThermal behaviour of epoxidised natural rubber | |
| 260 | _bInternational Rubber Conference 1997. Rubber Science and Technology: Improving Quality of Life, Kuala Lumpur, Malaysia 6-9 Oct 1997; p304-311 | ||
| 650 | _aEpoxidised natural rubber | ||
| 700 | _aHashim A S | ||
| 700 | _aMaidunny Z A | ||
| 942 | _cJS | ||
| 999 |
_c71205 _d71205 |
||